000 00419nam a2200181Ia 4500
005 20250425162658.0
008 250425s9999 xx 000 0 und d
041 _aeng
082 _a639.8
245 0 _aLIVE FEEDS IN MARINE AQUACULTURE
250 _aS.E
260 _aEstados Unidos
_bBLACKWELL SCIENCE
_c2003
260 _aOXFORD
300 _a318
650 _aACUACULTURA
942 _c01
010 _a96244
999 _c234191
_d234191